Materials for Civil and Construction Engineers / (Record no. 969)

MARC details
000 -LEADER
fixed length control field 00675nac a22002051u 4500
008 - FIXED-LENGTH DATA ELEMENTS--GENERAL INFORMATION
fixed length control field 100907t1999 xxu|||||r|||| 001 0 eng d
010 ## - LIBRARY OF CONGRESS CONTROL NUMBER
LC control number 98009934
020 ## - INTERNATIONAL STANDARD BOOK NUMBER
International Standard Book Number 0673981878
020 ## - INTERNATIONAL STANDARD BOOK NUMBER
International Standard Book Number 0673980405
020 ## - INTERNATIONAL STANDARD BOOK NUMBER
International Standard Book Number 9780673981875
082 00 - DEWEY DECIMAL CLASSIFICATION NUMBER
Classification number 624.18
Item number MAM
Edition number 22
100 ## - MAIN ENTRY--PERSONAL NAME
Personal name Mamlouk, Michael S.
9 (RLIN) 18700
245 10 - TITLE STATEMENT
Title Materials for Civil and Construction Engineers /
Statement of responsibility, etc Michael S. Mamlouk, John P. Zaniewski.
260 ## - PUBLICATION, DISTRIBUTION, ETC. (IMPRINT)
Place of publication, distribution, etc Menlo Park, CA :
Name of publisher, distributor, etc Addison-Wesley,
Date of publication, distribution, etc 1999.
300 ## - PHYSICAL DESCRIPTION
Extent 388 p. :
Other physical details ill. ;
Dimensions 25 cm.
504 ## - BIBLIOGRAPHY, ETC. NOTE
Bibliography, etc Includes bibliographical references and index.
650 #0 - SUBJECT ADDED ENTRY--TOPICAL TERM
Topical term or geographic name as entry element Materials.
9 (RLIN) 18701
700 1# - ADDED ENTRY--PERSONAL NAME
Personal name Zaniewski, John P.
9 (RLIN) 18702
942 ## - ADDED ENTRY ELEMENTS (KOHA)
Item type Book - Borrowing
Call number prefix 624.18MAM
Source of classification or shelving scheme Dewey Decimal Classification
Holdings
Withdrawn status Item status Source of classification or shelving scheme Damaged status Not for loan Vendor Home library Current library Shelving location Date acquired Source of acquisition Cost, normal purchase price Total Checkouts Total Renewals Full call number Barcode Date last seen Date last borrowed Cost, replacement price Koha item type
    Dewey Decimal Classification       Central Library Central Library First floor 07/09/2010   190.00 7 21 624.18 MAM 000003548 15/07/2025 31/03/2021 237.50 Book - Borrowing